| 000 | 00671nam a2200181 i 4500 | ||
|---|---|---|---|
| 001 | 79241 | ||
| 003 | ES-MaACL | ||
| 005 | 20251014063133.0 | ||
| 007 | t| | ||
| 008 | 041020s1918 sp ||||1| spa d | ||
| 100 | 1 |
_aHergueta y Martín, Simón, _d1852-1930 _962714 |
|
| 245 | 1 | 0 |
_aSemblanzas y recuerdos de los médicos más prestigiosos de la Benificiencia provincial de Madrid fallecidos durante estos últimos 50 años / _cSimón Hergueta y Martín. |
| 260 |
_aMadrid : _b[s.n., _c1918] ( _fImp. Provincial) |
||
| 300 |
_a126 p. ; _c23 cm. |
||
| 650 | 4 |
_aMédicos- _zEspaña- _vBiografías. _9144463 |
|
| 852 |
_aES-MaACL _j1565-F-15 |
||
| 999 |
_c79241 _d79241 |
||